| 000 | 00848nam a22002417a 4500 | ||
|---|---|---|---|
| 003 | URS | ||
| 005 | 20250113170716.0 | ||
| 008 | 250113b |||||||| |||| 00| 0 eng d | ||
| 020 | _a978-971-9655-05-3 | ||
| 040 |
_bEnglish _cURS _erda |
||
| 050 |
_aQA76.9 _b.R32 2023 |
||
| 100 |
_aRevano Jr., Teodoro F., _eauthor. _96143 |
||
| 245 |
_aIntroduction to human computer interaction / _cTeodoro F. Revano Jr., and Charlemagne G. Laviña. |
||
| 260 |
_aManila : _bMindshapers Company, Incorporated, _c©2023. |
||
| 300 |
_a viii, 344 pages : _billustrations ; _c26 cm. |
||
| 336 |
_atext _btxt _2rdacontent |
||
| 337 |
_aunmediated _bn _2rdamedia |
||
| 338 |
_avolume _bnc _2rdacarrier |
||
| 504 | _aIncludes bibliography and index. | ||
| 650 | 0 |
_aHuman-computer interaction. _91449 |
|
| 700 |
_aLaviña, Charlemagne G., _eauthor. _96144 |
||
| 942 |
_2lcc _cF |
||
| 999 |
_c81825 _d81824 |
||